|
|
|
|
| LEADER |
01899nam a2200349 a 4500 |
| 001 |
12881013 |
| 008 |
110223r20042003njua b 001 0 eng d |
| 010 |
|
|
|a 2002027440
|
| 020 |
|
|
|a 8120322592
|
| 020 |
|
|
|a 013041977X
|
| 040 |
|
|
|a DLC
|c DLC
|d DLC
|d BD-DhAAL
|
| 042 |
|
|
|a pcc
|
| 050 |
0 |
0 |
|a HF5415
|b .K6312 2003
|
| 082 |
0 |
0 |
|a 658.8
|2 21
|
| 100 |
1 |
|
|a Andreasen, Alan R.,
|d 1934-
|
| 245 |
1 |
0 |
|a Strategic marketing for nonprofit organizations /
|c Alan R. Andreasen, Philip Kotler.
|
| 250 |
|
|
|a 6th ed.
|
| 260 |
|
|
|a Upper Saddle River, N.J.;
|a New Delhi :
|b Prentice Hall,
|c c2003 [reprinted 2004].
|
| 300 |
|
|
|a v, 536 p. :
|b ill. ;
|c 25 cm.
|
| 500 |
|
|
|a Kotler's name appears first on the earlier edition.
|
| 504 |
|
|
|a Includes bibliographical references and index.
|
| 541 |
1 |
|
|e 00021954
|
| 650 |
|
0 |
|a Nonprofit organizations
|x Marketing.
|
| 700 |
1 |
|
|a Kotler, Philip.
|
| 852 |
|
|
|a Ayesha Abed Library
|c General Shelf.
|
| 999 |
|
|
|c 10460
|d 10460
|
| 952 |
|
|
|0 0
|1 0
|2 ddc
|4 0
|6 658_800000000000000_AND
|7 0
|9 14403
|a BRACUL
|b BRACUL
|c GEN
|d 2011-02-23
|e Ideal Library Ltd.
|g 398.00
|l 0
|o 658.8 AND
|p 3010021954
|r 2019-04-03
|t 1
|w 2011-02-23
|y BK
|
| 952 |
|
|
|0 0
|1 0
|2 ddc
|4 0
|6 658_800000000000000_AND
|7 0
|9 17641
|a BRACUL
|b BRACUL
|c GEN
|d 2011-07-26
|l 0
|o 658.8 AND
|p 3010014971
|r 2019-04-03
|t 2
|w 2011-07-26
|y BK
|
| 952 |
|
|
|0 0
|1 0
|2 ddc
|4 0
|6 658_800000000000000_AND
|7 0
|9 17642
|a BRACUL
|b BRACUL
|c GEN
|d 2011-07-26
|l 0
|o 658.8 AND
|p 3010014974
|r 2019-04-03
|t 3
|w 2011-07-26
|y BK
|
| 952 |
|
|
|0 0
|1 0
|2 ddc
|4 0
|6 658_800000000000000_AND
|7 0
|9 17962
|a BRACUL
|b BRACUL
|c GEN
|d 2011-09-07
|l 0
|o 658.8 AND
|p 3010014975
|r 2019-04-03
|t 4
|w 2011-09-07
|y BK
|
| 952 |
|
|
|0 0
|1 0
|2 ddc
|4 0
|6 658_800000000000000_AND
|7 0
|9 17963
|a BRACUL
|b BRACUL
|c GEN
|d 2011-09-07
|l 0
|o 658.8 AND
|p 3010014973
|r 2019-04-03
|t 5
|w 2011-09-07
|y BK
|
| 952 |
|
|
|0 0
|1 0
|2 ddc
|4 0
|6 658_800000000000000_AND
|7 0
|9 17964
|a BRACUL
|b BRACUL
|c GEN
|d 2011-09-07
|l 1
|o 658.8 AND
|p 3010014972
|r 2019-04-03
|s 2017-01-05
|t 6
|w 2011-09-07
|y BK
|